00644nam a22002057a 450000500170000001000160001702000270003303500130006003700130007308200130008610000130009924501130011225000130022526000310023827000850026930000290035450000190038370000140040270000220041620160802155852.0 a ENG-115624 a9789351436768c2495.00 aEN-99156 bDBAD/PUB a347.5406 aRatanlal aRatanlal & Dhirajlal's the law of evidence /cby Ratanlal [and] Dhirajlal ; reviced by Shakil Ahmad Khan a25th ed  aGurgaonbLexis Nexisc2013 a14th Floor, Building No 10, Tower-B, DLF Cyber City, Phase-ll, bGurgaone122002 acdxxxii,2037p.c24cm(Hb) aIncludes index aDhirajLal aShakil Ahmad Khan